00345nam a2200121Ia 4500008004100000041000800041082001700049100001900066245004500085260005100130300003100181365001100212240624s9999 xx 000 0 und d aeng a658.4092 MUK aMUKUNDA GAUTAM aINDISPENSABLE WHEN LEADERS REALLY MATTER c2012aNew DelhibHarvard Business Review Press axii, : 301 : p. : cm. ; 23 cRSb38